Questions about Romania - Statistics

General Stats
  • This quiz has been taken 215 times
  • The average score is 11 of 23
Answer Stats
Hint Answer % Correct
Capital Bucharest
99%
Bordering Country Moldova
76%
Region Moldova
76%
Bordering Country Bulgaria
74%
Bordering Country Hungary
74%
Bordering Country Ukraine
74%
Bordering Country Serbia
72%
Bordering Sea Black Sea
69%
Biggest River Danube
60%
Currency Leu
60%
President Klaus Iohannis
53%
Region Transylvania
51%
Highest Peak Moldoveanu
39%
Region Wallachia
34%
Biggest Etnic Minority Hungarians
30%
Old Name Dacia
28%
Climate Temperate
27%
Population 20 000 000
24%
Organiazation Nato
21%
Organization European Union
14%
Organization United Nations
9%
Area 238.391
6%
Prime Minester Sorin Grindeanu
3%
No matching quizzes found
Score Distribution
Percent of People with Each Score
Percentile by Number Answered
Your Score History
You have not taken this quiz